000 00514nam a2200181Ia 4500
001 4794
005 20260306145821.0
008 260306t2015||||xx |||||||||||||| ||spa||
041 _aESP
082 _a330.1
_bP644H
100 _aPiketty, Thomas
_eAUT
245 0 _aHacia una economía política e histórica. Reflexiones sobre el capital en el siglo XXI:
_bsobre el capital en el siglo XXI
260 _c2015
300 _a44 páginas :
_c21 cm.
650 _aGEN
654 _aCAN
942 _cLIB
_dJUS
_fJUS
_2ddc
_n
999 _c4794
_d4794